000 00515cam a2200193ua 4500
020 _c2.50
041 _amal
_h
082 _a336.2
_bSAN/NI
100 _aSankara Menon, T C .
245 _aNikuthi Sahsthram /
_cT C Sankara Menon.
_hTextual Documents
260 _aKottayam :
_bNational Book Stall ,
_c1952.
300 _a251 ; .
365 _a2.50
440 0 _aSri Ramavarma Grandhavali,
_v51
_x;
490 0 _aSri Ramavarma Grandhavali,
_v51
_x;
504 _a
942 _cBK
999 _c6166
_d6166